<?xml version="1.0" encoding="UTF-8"?>
<record
    xmlns:xsi="http://www.w3.org/2001/XMLSchema-instance"
    xsi:schemaLocation="http://www.loc.gov/MARC21/slim http://www.loc.gov/standards/marcxml/schema/MARC21slim.xsd"
    xmlns="http://www.loc.gov/MARC21/slim">

  <leader>01577nam a22003137a 4500</leader>
  <controlfield tag="001">36297</controlfield>
  <controlfield tag="003">Ost</controlfield>
  <controlfield tag="005">20260507154549.0</controlfield>
  <controlfield tag="008">251113s9999||||xx |||||||||||||| ||eng||</controlfield>
  <datafield tag="020" ind1=" " ind2=" ">
    <subfield code="a">9789352211319</subfield>
  </datafield>
  <datafield tag="040" ind1=" " ind2=" ">
    <subfield code="c">nitttr</subfield>
  </datafield>
  <datafield tag="082" ind1=" " ind2=" ">
    <subfield code="a">828.34</subfield>
    <subfield code="b">NIR</subfield>
  </datafield>
  <datafield tag="100" ind1=" " ind2=" ">
    <subfield code="a">Ilachandra Joshi - &#x907;&#x932;&#x93E;&#x91A;&#x902;&#x926;&#x94D;&#x930; &#x91C;&#x94B;&#x936;&#x940;</subfield>
  </datafield>
  <datafield tag="245" ind1=" " ind2="0">
    <subfield code="a">Nirvasit - &#x928;&#x93F;&#x930;&#x94D;&#x935;&#x93E;&#x938;&#x93F;&#x924;</subfield>
  </datafield>
  <datafield tag="250" ind1=" " ind2=" ">
    <subfield code="a">1st Ed.</subfield>
  </datafield>
  <datafield tag="260" ind1=" " ind2=" ">
    <subfield code="a">Allahabad Uttar Pradesh</subfield>
    <subfield code="b">Lokbharti Prakashan</subfield>
    <subfield code="c">2018</subfield>
  </datafield>
  <datafield tag="300" ind1=" " ind2=" ">
    <subfield code="a">304 p.</subfield>
  </datafield>
  <datafield tag="650" ind1=" " ind2=" ">
    <subfield code="a"> &#x906;&#x902;&#x926;&#x94B;&#x932;&#x928; &#x914;&#x930; &#x930;&#x93E;&#x91C;&#x928;&#x940;&#x924;&#x93F;&#x915; &#x926;&#x92C;&#x93E;&#x935; - August movement &amp; political repression </subfield>
  </datafield>
  <datafield tag="650" ind1=" " ind2=" ">
    <subfield code="a"> &#x92E;&#x927;&#x94D;&#x92F;&#x935;&#x930;&#x94D;&#x917;&#x940;&#x92F; &#x91C;&#x940;&#x935;&#x928; &#x914;&#x930; &#x938;&#x902;&#x918;&#x930;&#x94D;&#x937; - Middle-class life &amp; struggles </subfield>
  </datafield>
  <datafield tag="650" ind1=" " ind2=" ">
    <subfield code="a"> &#x92F;&#x941;&#x926;&#x94D;&#x927; &#x915;&#x947; &#x92C;&#x93E;&#x926; &#x915;&#x940; &#x91A;&#x93F;&#x902;&#x924;&#x93E;&#x90F;&#x901; - Post-war anxieties</subfield>
  </datafield>
  <datafield tag="650" ind1=" " ind2=" ">
    <subfield code="a"> &#x92F;&#x941;&#x926;&#x94D;&#x927;-&#x91C;&#x928;&#x93F;&#x924; &#x92E;&#x93E;&#x928;&#x938;&#x93F;&#x915;&#x924;&#x93E; - Wartime psychological effects  August  </subfield>
  </datafield>
  <datafield tag="650" ind1=" " ind2=" ">
    <subfield code="a"> &#x935;&#x930;&#x94D;&#x917; &#x938;&#x902;&#x918;&#x930;&#x94D;&#x937; - Class conflict </subfield>
  </datafield>
  <datafield tag="650" ind1=" " ind2=" ">
    <subfield code="a"> &#x935;&#x94D;&#x92F;&#x915;&#x94D;&#x924;&#x93F; &#x914;&#x930; &#x907;&#x924;&#x93F;&#x939;&#x93E;&#x938; &#x915;&#x93E; &#x91F;&#x915;&#x930;&#x93E;&#x935; - Individual vs historical forces </subfield>
  </datafield>
  <datafield tag="650" ind1=" " ind2=" ">
    <subfield code="a"> &#x938;&#x902;&#x918;&#x930;&#x94D;&#x937;&#x936;&#x940;&#x932; &#x928;&#x93E;&#x92F;&#x915; - Struggling protagonist </subfield>
  </datafield>
  <datafield tag="650" ind1=" " ind2=" ">
    <subfield code="a"> &#x938;&#x93E;&#x92E;&#x93E;&#x91C;&#x93F;&#x915; &#x92A;&#x930;&#x93F;&#x935;&#x947;&#x936; &#x915;&#x93E; &#x92F;&#x925;&#x93E;&#x930;&#x94D;&#x925; &#x91A;&#x93F;&#x924;&#x94D;&#x930;&#x923; - Realistic social background </subfield>
  </datafield>
  <datafield tag="650" ind1=" " ind2=" ">
    <subfield code="a"> &#x938;&#x93E;&#x92E;&#x93E;&#x91C;&#x93F;&#x915; &#x92C;&#x926;&#x932;&#x93E;&#x935; - Social change </subfield>
  </datafield>
  <datafield tag="650" ind1=" " ind2=" ">
    <subfield code="a">&#x926;&#x94D;&#x935;&#x93F;&#x924;&#x940;&#x92F; &#x935;&#x93F;&#x936;&#x94D;&#x935;&#x92F;&#x941;&#x926;&#x94D;&#x927; &#x915;&#x93E; &#x92A;&#x94D;&#x930;&#x92D;&#x93E;&#x935; - Impact of World War II on society </subfield>
  </datafield>
  <datafield tag="942" ind1=" " ind2=" ">
    <subfield code="c">BK</subfield>
  </datafield>
  <datafield tag="999" ind1=" " ind2=" ">
    <subfield code="c">154</subfield>
    <subfield code="d">154</subfield>
  </datafield>
  <datafield tag="952" ind1=" " ind2=" ">
    <subfield code="0">0</subfield>
    <subfield code="1">0</subfield>
    <subfield code="4">0</subfield>
    <subfield code="7">0</subfield>
    <subfield code="a">NITTTR</subfield>
    <subfield code="b">NITTTR</subfield>
    <subfield code="d">2026-05-07</subfield>
    <subfield code="l">0</subfield>
    <subfield code="o">828.34 NIR</subfield>
    <subfield code="p">50210</subfield>
    <subfield code="r">2026-05-07 15:45:49</subfield>
    <subfield code="w">2026-05-07</subfield>
    <subfield code="y">BK</subfield>
  </datafield>
</record>
